ISAD (G) : norme generale et internationale de description archivistique : adoptée par la Commission Ad Hoc sur les normes de description , Stockholm, Suède, 21-23 janvier 1993: version finale adoptée par la CiA norme generale et internationale de description archivistique :
Descripción Física:
17 p. , 30 cm
MARC
| LEADER | 00000nam a2200000Ia 4500 | ||
|---|---|---|---|
| 001 | 10826 | ||
| 008 | 160829s1994 xx 000 0 cat d | ||
| 080 | |a FU-27-27 | ||
| 245 | |a ISAD (G) : |b norme generale et internationale de description archivistique : |b adoptée par la Commission Ad Hoc sur les normes de description , Stockholm, Suède, 21-23 janvier 1993: |b version finale adoptée par la CiA | ||
| 260 | |a Ottawa : |b Conseil International des Archives, |c 1994 | ||
| 300 | |a 17 p. , 30 cm | ||
| 650 | |a Catalogació de material d'arxiu |x Normes |9 24747 | ||
| 650 | |a Arxivística |9 36557 | ||
| 710 | 2 | |a International Council on Archives |9 53957 | |
| 901 | |a Arxiu | ||
| 942 | |n 1 | ||
| 952 | |0 0 |1 0 |4 0 |6 FU2727 |7 1 |9 47905 |a Arxiu |b Arxiu |d 2016-12-01 |l 0 |o FU-27-27 |p 10826 |r 2016-12-01 00:00:00 |w 2016-12-01 |y ARXIU | ||
| 999 | |c 51705 |d 51705 | ||